Wiener Straßen mit mehreren Botschaften - Statistiken

Allgemein
  • Dieses Quiz wurde 10 mal gespielt
  • Das Durchschnittsergebnis liegt bei 7 aus 22
Antworten auf der Karte
Die Antworten werden auf der Karte rot bzw. grün angezeigt, abhängig davon wie oft sie richtig erraten wurden.
 
Antwortstatistiken
# Straße % Korrekt
14 Prinz-Eugen-Straße
78%
4 Argentinierstraße
56%
2 Kärntner Ring
56%
2 Hietzinger Hauptstraße
44%
6 Opernring
44%
4 Rennweg
44%
3 Schottenring
44%
2 Wiedner Gürtel
44%
2 Lothringerstraße
33%
5 Reisnerstraße
33%
2 Theresianumgasse
33%
2 Währinger Straße
33%
5 Donau-City-Straße
22%
2 Jauresgasse
22%
2 Löwengasse
22%
2 Mahlerstraße
22%
2 Metternichgasse
22%
3 Schwindgasse
22%
3 Wipplingerstraße
22%
2 Goldschmiedgasse
11%
2 Leopold-Ungar-Platz
11%
2 Lugeck
11%
Keine übereinstimmenden Quizze gefunden
Verteilung der Resultate
Anzahl Personen mit jedem Resultat
Perzentil nach korrekt beantworteten Fragen
Ihre Resultats-Entwicklung
Sie haben dieses Quiz noch nicht gespielt